000 01166cam a22001694a 4500
005 20250605163649.0
008 250528s ||||||||||||||||||||||||d
035 _a23842
040 _aGR-AtMCL
_bgre
_dGR-AtMCL
_eAACR2
245 1 _aΠαράθυρο / Στην Εκπαίδευση του Παιδιού
260 _bΩρίων,
_c2012
300 _a364
520 _aΠρωτομαγιά, Η πιο Γλυκιά Μανούλα, Ήλιε μου, Ο Ήλιος που Έχασε τις Ηλιαχτίδες του, Ο Ήλιος - Χρυσάφι, Ήλιος ο Ακούραστος Θεός και το Νησί του, Ο 'Δυνατός' της Τάξης, Καμώματα και Όνειρα στην Ηλιοχώρα, Η Κορδέλα, Το Κουδουνάκι, Σήμερα τα Λουλούδια του Πασά, Εστία - Ήφαιστος, Παιχνίδια με τον Ήλιο, Ήλιος και Μυθολογία, Ήλιε μου... Βασιλιά μου..., Comic (ο) Παιχνίδια, Συζητώντας Μέσα από Ένα Παραμύθι για την Υιοθεσία.
942 _cCR
999 _c8768
_d8768